Can you name every player to make the pro bowl since the 2016 season? - Statistics

General Stats
  • This quiz has been taken 8 times
  • The average score is 211 of 463
Answer Stats
Position Team Year(s) made Pro Bowl Answer % Correct
WR Lions 2022-2024 Amon-Ra St. Brown
100%
RB Falcons 2024 Bijan Robinson
100%
DT Ravens 2018 Brandon Williams
100%
WR Jaguars 2024 Brian Thomas Jr.
100%
WR Cowboys 2021-2024 CeeDee Lamb
100%
RB Cardinals 2016 David Johnson
100%
WR Broncos 2012-2016 Demaryius Thomas
100%
RB Titans, Ravens 2019-2020, 2022-2024 Derrick Henry
100%
WR Steelers 2021 Diontae Johnson
100%
QB Patriots 2024 Drake Maye
100%
FS Seahawks, Ravens 2011-2015, 2017, 2019 Earl Thomas
100%
FS Bears 2018-2019 Eddie Jackson
100%
QB Seahawks 2022-2023 Geno Smith
100%
TE 49ers 2018-2019, 2021-2024 George Kittle
100%
QB Rams, Lions 2017-2018, 2022, 2024 Jared Goff
100%
C Eagles 2014, 2016, 2019-2023 Jason Kelce
100%
QB Commanders 2024 Jayden Daniels
100%
CB Bears 2023-2024 Jaylon Johnson
100%
CB Patriots 2021 J.C. Jackson
100%
OLB Jets 2023 Jermaine Johnson II
100%
QB Bengals 2022, 2024 Joe Burrow
100%
OT Browns 2007-2016 Joe Thomas
100%
OG Lions 2021 Jonah Jackson
100%
DT Commanders 2021-2022 Jonathan Allen
100%
TE Dolphins 2024 Jonnu Smith
100%
QB Bills 2020, 2022, 2024 Josh Allen
100%
OLB Jaguars 2019, 2023 Josh Hines-Allen
100%
RB Raiders, Packers 2020, 2022, 2024 Josh Jacobs
100%
DT Bills 2010, 2012-2014, 2016, 2018 Kyle Williams
100%
RB Rams 2023 Kyren Williams
100%
QB Ravens 2019, 2021, 2023-2024 Lamar Jackson
100%
OT Eagles 2017-2019, 2022-2024 Lane Johnson
100%
DT Jets, Seahawks 2016, 2024 Leonard Williams
100%
DT Jaguars 2017 Malik Jackson
100%
DE Cowboys 2021-2024 Micah Parsons
100%
WR Saints 2017-2019 Michael Thomas
100%
DT Packers 2017 Mike Daniels
100%
DT Jets 2022-2024 Quinnen Williams
100%
QB Seahawks, Steelers 2012-2015, 2017-2021, 2024 Russell Wilson
100%
RB Giants, Eagles 2018, 2022, 2024 Saquon Barkley
100%
TE Chiefs 2015-2024 Travis Kelce
100%
OT Redskins, 49ers 2012-2018, 2020-2023 Trent Williams
100%
RB Packers 2020 Aaron Jones
88%
QB Chiefs 2012, 2016-2017 Alex Smith
88%
QB Buccaneers 2023-2024 Baker Mayfield
88%
C Titans 2022 Ben Jones
88%
CB Cowboys 2018 Byron Jones
88%
OLB Patriots, Cardinals 2015, 2017, 2019, 2021 Chandler Jones
88%
DT Chiefs 2019-2024 Chris Jones
88%
RB Vikings 2019-2022 Dalvin Cook
88%
ILB Falcons 2017 Deion Jones
88%
WR Seahawks 2020, 2023 DK Metcalf
88%
FS Vikings 2015-2019, 2021 Harrison Smith
88%
WR Bengals 2021-2024 Ja'Marr Chase
88%
RB Bills 2023-2024 James Cook
88%
TE Raiders, Saints 2018-2019 Jared Cook
88%
ILB Cowboys 2019 Jaylon Smith
88%
RB Colts 2021, 2024 Jonathan Taylor
88%
WR Steelers 2018 JuJu Smith-Schuster
88%
WR Falcons 2012, 2014-2019 Julio Jones
88%
WR Vikings 2020-2022, 2024 Justin Jefferson
88%
WR Chargers 2017-2021, 2023 Keenan Allen
88%
QB Patriots 2021 Mac Jones
88%
QB Lions, Rams 2014, 2023 Matthew Stafford
88%
DE Raiders 2021-2024 Maxx Crosby
88%
WR Buccaneers 2016, 2018-2019, 2021, 2023-2024 Mike Evans
88%
SS Dolphins 2015, 2017 Reshad Jones
88%
ILB Ravens 2022-2024 Roquan Smith
88%
QB Vikings 2024 Sam Darnold
88%
OLB Jaguars 2017 Telvin Smith
88%
WR Commanders 2022, 2024 Terry McLaurin
88%
OG Chiefs 2024 Trey Smith
88%
OG Cowboys 2023-2024 Tyler Smith
88%
OT Cowboys 2013-2019, 2021 Tyron Smith
88%
OLB Packers, Vikings 2019-2020, 2022 Za'Darius Smith
88%
QB Packers 2009, 2011-2012, 2014-2016, 2018-2021 Aaron Rodgers
75%
C Browns, Falcons, 49ers 2010, 2013, 2015-2018, 2021 Alex Mack
75%
TE Raiders 2024 Brock Bowers
75%
QB Texans 2023 C.J. Stroud
75%
TE Raiders 2020 Darren Waller
75%
WR 49ers 2021 Deebo Samuel
75%
QB Chargers, Saints 2004, 2006, 2008-2014, 2016-2019 Drew Brees
75%
RB Lions 2023-2024 Jahmyr Gibbs
75%
WR Seahawks 2024 Jaxon Smith-Njigba
75%
RB Bengals, Texans 2021, 2024 Joe Mixon
75%
OLB Chargers 2017, 2019-2021, 2024 Joey Bosa
75%
QB Redskins, Vikings 2016, 2019, 2021-2022 Kirk Cousins
75%
DE Browns 2018, 2020-2024 Myles Garrett
75%
DE 49ers 2019, 2021-2024 Nick Bosa
75%
WR Texans 2024 Nico Collins
75%
WR Rams 2023 Puka Nacua
75%
QB Patriots, Buccaneers 2001, 2004-2005, 2007, 2009-2018, 2021 Tom Brady
75%
WR Ravens 2024 Zay Flowers
75%
DT Rams 2014-2023 Aaron Donald
63%
WR Titans, Eagles 2020, 2022-2023 A.J. Brown
63%
WR Steelers 2011, 2013-2018 Antonio Brown
63%
QB Steelers 2007, 2011, 2014-2017 Ben Roethlisberger
63%
QB 49ers 2023 Brock Purdy
63%
DE Commanders 2020 Chase Young
63%
CB Broncos 2014-2016, 2018 Chris Harris
63%
RB Panthers, 49ers 2019, 2022-2023 Christian McCaffrey
63%
LS Bengals 2017 Clark Harris
63%
QB Cowboys 2016, 2018, 2023 Dak Prescott
63%
DE Vikings, Texans 2018-2019, 2022-2024 Danielle Hunter
63%
WR Packers, Raiders 2017-2022 Davante Adams
63%
RS Saints 2019 Deonte Harris
63%
DT Panthers 2023 Derrick Brown
63%
ILB Buccaneers 2021 Devin White
63%
RB Falcons 2015-2016 Devonta Freeman
63%
DT Giants 2022-2024 Dexter Lawrence
63%
WR Cowboys 2013-2014, 2016 Dez Bryant
63%
OT Texans, Seahawks 2012-2014, 2017, 2021 Duane Brown
63%
ST Giants 2016 Dwayne Harris
63%
RB Cowboys 2016, 2018-2019 Ezekiel Elliott
63%
DT Eagles 2024 Jalen Carter
63%
QB Eagles 2022-2023 Jalen Hurts
63%
WR Browns 2024 Jerry Jeudy
63%
TE Redskins 2016 Jordan Reed
63%
LS Falcons 2021 Josh Harris
63%
K Ravens 2013, 2016, 2019-2023 Justin Tucker
63%
OLB Raiders, Bears, Chargers 2015-2020, 2022-2024 Khalil Mack
63%
SS Giants 2016-2018 Landon Collins
63%
WR Cardinals 2005, 2007-2013, 2015-2017 Larry Fitzgerald
63%
WR Giants 2024 Malik Nabers
63%
K Falcons 2016 Matt Bryant
63%
C Steelers 2010-2012, 2014, 2016-2020 Maurkice Pouncey
63%
C Dolphins, Chargers 2013-2015, 2018 Mike Pouncey
63%
RB Steelers 2021 Najee Harris
63%
WR Giants 2014-2016 Odell Beckham Jr.
63%
OT Ravens, Chiefs 2019-2022 Orlando Brown
63%
QB Chiefs 2018-2023 Patrick Mahomes
63%
QB Chargers 2006, 2009-2011, 2013, 2016-2018 Philip Rivers
63%
FS Seahawks 2020-2022 Quandre Diggs
63%
TE Patriots 2011-2012, 2014-2015, 2017 Rob Gronkowski
63%
WR Bills 2020-2023 Stefon Diggs
63%
CB Bills 2019-2020 Tre'Davious White
63%
OT Raiders 2019 Trent Brown
63%
CB Cowboys 2021-2022 Trevon Diggs
63%
TE Cardinals 2024 Trey McBride
63%
ILB Bills 2016 Zach Brown
63%
WR Vikings 2017-2018 Adam Thielen
50%
WR Bengals 2011-2017 A.J. Green
50%
RB Saints 2017-2021 Alvin Kamara
50%
WR Raiders, Cowboys, Browns 2015-2016, 2018-2019, 2023 Amari Cooper
50%
QB Colts 2012-2014, 2018 Andrew Luck
50%
OG Saints 2018-2020 Andrus Peat
50%
QB Bengals 2011, 2014, 2016 Andy Dalton
50%
FB Chiefs 2018 Anthony Sherman
50%
ILB Seahawks, Commanders 2014-2021, 2023-2024 Bobby Wagner
50%
K Cowboys 2023-2024 Brandon Aubrey
50%
DE Eagles 2020 Brandon Graham
50%
SS Cardinals 2017, 2019-2024 Budda Baker
50%
DT Steelers 2017-2022, 2024 Cameron Heyward
50%
QB Eagles 2017 Carson Wentz
50%
CB Chargers 2016-2017 Casey Hayward
50%
CB 49ers 2023 Charvarius Ward
50%
WR Rams 2021 Cooper Kupp
50%
WR Texans, Cardinals 2015, 2017-2020 DeAndre Hopkins
50%
TE Titans 2015-2017 Delanie Walker
50%
RB Cowboys, Titans 2013-2014, 2016 DeMarco Murray
50%
DE Cowboys 2017-2018, 2022-2023 DeMarcus Lawrence
50%
ILB Saints 2022-2023 Demario Davis
50%
CB Browns 2018, 2021, 2023-2024 Denzel Ward
50%
QB Raiders 2015-2017, 2022 Derek Carr
50%
QB Texans 2018-2020 Deshaun Watson
50%
WR Seahawks 2016-2017 Doug Baldwin
50%
WR Broncos 2014, 2016 Emmanuel Sanders
50%
C Saints 2023-2024 Erik McCoy
50%
DE Chiefs 2019-2021 Frank Clark
50%
ILB 49ers 2020, 2022-2024 Fred Warner
50%
DT Buccaneers 2012-2017 Gerald McCoy
50%
TE Panthers 2014-2016 Greg Olsen
50%
CB Jaguars, Rams, Dolphins 2017-2023 Jalen Ramsey
50%
FS Jets, Seahawks 2018-2020 Jamal Adams
50%
RB Steelers, Cardinals 2018, 2021 James Connor
50%
OT Bills, Eagles 2007-2011, 2013-2016 Jason Peters
50%
TE Cowboys 2004-2010, 2012-2014, 2017 Jason Witten
50%
TE Saints, Seahawks 2011, 2013-2014, 2016-2017 Jimmy Graham
50%
DE Texans 2012-2015, 2018 J.J. Watt
50%
QB Chargers 2021 Justin Herbert
50%
HB Chiefs 2017 Kareem Hunt
50%
DT Packers 2019, 2021, 2023 Kenny Clark
50%
SS Ravens 2023-2024 Kyle Hamilton
50%
FB Ravens, 49ers 2016-2024 Kyle Juszczyk
50%
TE Falcons 2021 Kyle Pitts
50%
QB Cardinals 2020-2021 Kyler Murray
50%
RB Texans 2018 Lamar Miller
50%
HB Eagles, Bills 2011, 2013-2017 LeSean McCoy
50%
HB Steelers 2014, 2016-2017 Le'Veon Bell
50%
ILB Panthers 2013-2019 Luke Kuechly
50%
CB Chiefs, Ravens 2015-2016, 2019 Marcus Peters
50%
RB Saints, Ravens 2014, 2017, 2019 Mark Ingram II
50%
K Broncos, Lions 2013, 2016 Matt Prater
50%
QB Falcons 2012, 2012, 2014, 2016 Matt Ryan
50%
DE Chargers 2017-2019 Melvin Ingram
50%
RB Eagles 2022 Miles Sanders
50%
QB Bears 2018 Mitchell Trubisky
50%
CB Cardinals 2011-2018 Patrick Peterson
50%
FB Ravens 2019-2022, 2024 Patrick Ricard
50%
OT Lions 2022-2024 Penei Sewell
50%
RS Rams 2017 Pharaoh Cooper
50%
CB Seahawks, 49ers 2013-2016, 2019 Richard Sherman
50%
OG Panthers 2024 Robert Hunt
50%
TE Lions 2023 Sam LaPorta
50%
OLB Ravens 2004, 2006, 2008, 2010-2011, 2013, 2017 Terrell Suggs
50%
OLB Panthers 2015-2017 Thomas Davis
50%
TE Lions, Vikings 2020, 2022 T.J. Hockenson
50%
OLB Steelers 2018-2024 T.J. Watt
50%
RB Rams 2015, 2017-2018 Todd Gurley
50%
RB Cowboys 2022 Tony Pollard
50%
QB Jaguars 2022 Trevor Lawrence
50%
DE Bengals 2021-2024 Trey Hendrickson
50%
QB Dolphins 2023 Tua Tagovailoa
50%
WR Colts 2014-2017 T.Y. Hilton
50%
WR Chiefs, Dolphins 2016, 2018, 2020, 2022-2023 Tyreek Hill
50%
DT Buccaneers 2021, 2024 Vita Vea
50%
OLB Broncos 2011-2012, 2014-2019 Von Miller
50%
OG Cowboys 2014, 2016, 2018-2019, 2021-2023 Zack Martin
50%
P Raiders 2021-2023 AJ Cole
38%
OLB Vikings 2015-2018 Anthony Barr
38%
CB Patriots, Broncos 2013-2017 Aqib Talib
38%
OLB Broncos, Dolphins 2020, 2022 Bradley Chubb
38%
DE Panthers 2021-2022 Brian Burns
38%
DE Dolphins 2010, 2012-2014, 2016 Cameron Wake
38%
K Steelers 2017, 2024 Chris Boswell
38%
WR Buccaneers 2019 Chris Godwin
38%
C Chiefs 2022-2024 Creed Humphrey
38%
RB Eagles 2023 D'Andre Swift
38%
CB Cowboys 2023 DaRon Bland
38%
TE Browns 2023 David Njoku
38%
TE Bills 2022 Dawson Knox
38%
CB Seahawks 2023-2024 Devon Witherspoon
38%
ST Chiefs 2016 D.J. Alexander
38%
ILB Patriots 2016, 2019 Dont'a Hightower
38%
SS Chiefs 2010, 2012-2013, 2015-2016 Eric Berry
38%
OT Chiefs 2018, 2020 Eric Fisher
38%
TE Giants, Jaguars 2020, 2023 Evan Engram
38%
DE Vikings 2015-2017, 2019 Everson Griffen
38%
C Lions 2020, 2022-2024 Frank Ragnow
38%
QB Colts 2023 Gardner Minshew
38%
FS Packers 2016 Ha Ha Clinton-Dix
38%
OLB Titans 2021 Harold Landry
38%
CB Packers 2020, 2022 Jaire Alexander
38%
TE Cowboys 2023 Jake Ferguson
38%
OLB Rams 2024 Jared Verse
38%
WR Dolphins, Browns 2015-2019 Jarvis Landry
38%
RB Dolphins 2016 Jay Ajayi
38%
DT Titans 2021-2022, 2024 Jeffery Simmons
38%
FS Falcons 2023 Jessie Bates
38%
OG Chiefs 2022-2024 Joe Thuney
38%
P Rams 2013, 2015-2017 Johnny Hekker
38%
RB Bears 2016 Jordan Howard
38%
FS Broncos 2020, 2023 Justin Simmons
38%
SS Falcons 2017 Keanu Neal
38%
CB Colts 2021 Kenny Moore II
38%
ILB Buccaneers 2017 Kwon Alexander
38%
TE Vikings 2012, 2017 Kyle Rudolph
38%
OLB Ravens 2024 Kyle Van Noy
38%
OT Texans 2019-2020, 2022-2024 Laremy Tunsil
38%
DT Vikings 2016-2017 Linval Joseph
38%
OLB Redskins, Bills 2012, 2016 Lorenzo Alexander
38%
TE Ravens 2019, 2021-2022 Mark Andrews
38%
CB Ravens 2019-2020, 2022, 2024 Marlon Humphrey
38%
OG Ravens 2011-2016, 2018-2019 Marshal Yanda
38%
K Rams 2021 Matt Gay
38%
RB Chargers 2016, 2018 Melvin Gordon
38%
DE Seahawks 2015-2017 Michael Bennett
38%
FS Steelers 2019-2020, 2022-2024 Minkah Fitzpatrick
38%
DT Lions, Dolphins 2010, 2012-2014, 2016 Ndamukong Suh
38%
OLB Broncos 2024 Nick Bonitto
38%
RB Browns 2019-2022 Nick Chubb
38%
P Colts 2014, 2016 Pat McAffe
38%
CB Broncos 2022-2024 Patrick Surtain
38%
RB Broncos 2018 Phillip Lindsay
38%
OG Colts 2018-2024 Quenton Nelson
38%
RB Dolphins 2023 Raheem Mostert
38%
DE Packers 2024 Rashan Gary
38%
FS Bengals, Raiders 2015-2016 Reggie Nelson
38%
CB Jets 2022-2023 Sauce Gardner
38%
OLB Buccaneers 2019, 2021 Shaquil Barrett
38%
ILB Colts 2019-2021 Shaquille Leonard
38%
CB Seahawks 2019 Shaquill Griffin
38%
OT Saints, Dolphins 2018-2020, 2022-2023 Terron Armstead
38%
P Commanders 2019, 2022 Tress Way
38%
OT Buccaneers 2021-2024 Tristan Wirfs
38%
QB Ravens 2022 Tyler Huntley
38%
C Ravens 2023-2024 Tyler Linderbaum
38%
CB Dolphins 2018, 2020-2022 Xavien Howard
38%
TE Eagles 2017-2019 Zach Ertz
38%
ST Chargers 2018 Adrian Phillips
25%
DE Lions 2023 Aidan Hutchinson
25%
CB Jaguars 2017 A.J. Bouye
25%
K Giants 2018 Aldrick Rosas
25%
RS Jets, Bills 2018-2020 Andre Roberts
25%
OLB Vikings 2024 Andrew Van Ginkel
25%
OT Bengals, Rams 2012, 2015-2017 Andrew Whitworth
25%
FS Buccaneers 2021 Antoine Winfield Jr.
25%
TE Falcons 2018-2019 Austin Hooper
25%
ILB Texans 2018 Benardrick McKinney
25%
SS Lions 2024 Brian Branch
25%
OT Vikings 2021, 2024 Brian O'Neill
25%
P Cowboys 2021, 2023 Bryan Anger
25%
DT Cardinals, Jaguars, Ravens 2014-2015, 2017-2020 Calais Campbell
25%
DE Saints 2013, 2015, 2017-2022 Cameron Jordan
25%
C Eagles 2024 Cam Jurgens
25%
ILB Ravens, Jets 2014, 2016-2018, 2022 C.J. Mosley
25%
C Bills 2024 Connor McGovern
25%
RS Vikings, Bears 2013, 2016, 2019-2020 Cordarrelle Patterson
25%
WR Broncos 2019 Courtland Sutton
25%
CB Lions, Eagles 2017-2019,2021-2023 Darius Slay
25%
RB Eagles 2014-2016 Darren Sproles
25%
OT Packers 2016, 2019-2020 David Bahktiari
25%
OG Steelers 2015-2020 David DeCastro
25%
OLB Chiefs 2018 Dee Ford
25%
DT 49ers, Colts 2018, 2021, 2023 DeForest Buckner
25%
CB Texans 2024 Derek Stingley
25%
SS Chargers 2018, 2021-2022, 2024 Derwin James
25%
FS Patriots 2010, 2016 Devin McCourty
25%
OT Bills 2021-2024 Dion Dawkins
25%
WR Jaguars 2019 D.J. Chark
25%
P Chiefs 2012, 2016 Dustin Colquitt
25%
OG Packers 2020, 2022 Elgton Jenkins
25%
TE Colts 2018 Eric Ebron
25%
FS Chargers, Ravens 2011, 2013-2014, 2016-2018 Eric Weddle
25%
DT Eagles 2015-2020 Fletcher Cox
25%
DT Bengals 2011-2012, 2014-2019 Geno Atkins
25%
K Panthers 2017 Graham Gano
25%
OLB Eagles 2022-2023 Haason Reddick
25%
WR Raiders 2021 Hunter Renfrow
25%
OLB Texans 2016-2018 Jadeveon Clowney
25%
P Patriots 2020 Jake Bailey
25%
OT Falcons 2018 Jake Matthews
25%
CB Giants 2020 James Bradberry
25%
CB Giants 2016 Janoris Jenkins
25%
K Jets, Seahawks 2018, 2022 Jason Myers
25%
OLB Giants, Buccaneers 2011-2012, 2020 Jason Pierre-Paul
25%
CB Panthers 2024 Jaycee Horn
25%
CB Browns, Steelers 2013-2014, 2019 Joe Haden
25%
OG Browns 2018-2024 Joel Bitonio
25%
OT 49ers 2011-2015, 2017 Joe Staley
25%
SS Bills 2022 Jordan Poyer
25%
OG Packers, Bears 2012, 2014-2016 Josh Sitton
25%
DE Eagles 2021 Josh Sweat
25%
SS Seahawks 2023 Julian Love
25%
DT Titans 2015-2019 Jurrell Casey
25%
RS Cowboys 2022, 2024 KaVontae Turpin
25%
DT Panthers 2015, 2018 Kawaan Short
25%
WR Lions 2019 Kenny Golladay
25%
FS Titans 2017, 2021 Kevin Byard
25%
CB Bears 2018-2019 Kyle Fuller
25%
OG Eagles 2022-2024 Landon Dickerson
25%
ILB Cowboys 2018 Leighton Vander Esch
25%
P Jaguars 2024 Logan Cooke
25%
SS Eagles 2015, 2017-2018 Malcolm Jenkins
25%
CB Saints 2017, 2019-2021 Marshon Lattimore
25%
ST Patriots 2011-2017, 2019-2021 Matthew Slater
25%
OLB Bills 2022 Matt Milano
25%
C Seahawks, Saints 2012-2013, 2018 Max Unger
25%
FS Bills 2017 Micah Hyde
25%
DE Bears 2023 Montez Sweat
25%
LS Ravens, Titans 2015-2016, 2019-2020, 2022 Morgan Cox
25%
OLB Giants 2018 Olivier Vernon
25%
ILB Ravens, Steelers 2023-2024 Patrick Queen
25%
OT Chargers 2021, 2024 Rashawn Slater
25%
OLB Rams, Bears 2013-2014, 2021 Robert Quinn
25%
OT Ravens 2019, 2024 Ronnie Stanley
25%
OT Seahawks, Chargers 2012, 2017 Russell Okung
25%
OLB Redskins 2012, 2016-2018 Ryan Kerrigan
25%
ILB Steelers 2016-2017 Ryan Shazier
25%
QB Titans 2019 Ryan Tannehill
25%
ILB Cowboys 2015-2016 Sean Lee
25%
CB Bills, Patriots, Panthers 2016, 2018-2021 Stephon Gilmore
25%
SS 49ers 2022 Talanoa Hufanga
25%
CB Seahawks 2022 Tariq Woolen
25%
OG Panthers 2015-2019 Trai Turner
25%
C Cowboys 2014-2017, 2019 Travis Frederick
25%
LS Seahawks 2020 Tyler Ott
25%
FS Cardinals, Chiefs 2015, 2020-2021 Tyrann Mathieu
25%
OLB Falcons 2016 Vic Beasley
25%
DE Texans 2023 Will Anderson
25%
FS Packers 2024 Xavier McKinney
25%
DE Jaguars 2017 Yannick Ngakoue
25%
K Falcons 2020 Younghoe Koo
25%
ILB Eagles 2024 Zack Baun
25%
DT Bears 2018 Akiem Hicks
13%
FB Dolphins 2023 Alec Ingold
13%
OT Steelers 2017-2018 Alejandro Villanueva
13%
OG Buccaneers 2021 Ali Marpet
13%
LS Vikings 2022-2024 Andrew DePaola
13%
OG Eagles 2017-2019 Brandon Brooks
13%
OG Redskins 2016-2017, 2019-2021 Brandon Scherff
13%
ST Patriots 2024 Brenden Schooler
13%
OLB Redskins, Titans 2009-2010, 2013, 2016 Brian Orakpo
13%
CB Vikings 2024 Byron Murphy
13%
DE Bengals 2015-2016 Carlos Dunlap
13%
LS Broncos 2018 Casey Kreiter
13%
OT Bears 2018 Charles Leno
13%
OG Falcons 2022-2024 Chris Lindstrom
13%
DE Seahawks 2016 Cliff Avril
13%
C Chargers 2021 Corey Linsley
13%
SS Broncos 2016 Darian Stewart
13%
ILB Raiders 2021 Denzel Perryman
13%
RS Ravens 2021-2022 Devin Duvernay
13%
OT Cardinals 2021 D.J. Humphries
13%
OT Buccaneers, Raiders 2010, 2016-2017 Donald Penn
13%
ILB Vikings 2019 Eric Kendricks
13%
DT Falcons 2019-2020 Grady Jarrett
13%
K Rams 2017 Greg Zuerlein
13%
TE Colts 2017, 2019 Jack Doyle
13%
P Lions 2020, 2024 Jack Fox
13%
K Eagles 2021 Jake Elliott
13%
RS Bears 2021 Jakeem Grant
13%
DT Eagles, 49ers 2021, 2023 Javon Hargrave
13%
OLB Browns 2023 Jeremiah Owusu-Koramoah
13%
ST Commanders 2022 Jeremy Reaves
13%
OLB Vikings 2024 Jonathan Greenard
13%
ST Saints 2021 J.T. Gray
13%
OG Ravens 2023 Kevin Zeitler
13%
ST Falcons 2024 KhaDarel Hodge
13%
OLB Seahawks 2016 K.J. Wright
13%
OG 49ers 2021 Laken Tomlinson
13%
LS Colts 2021 Luke Rhodes
13%
RS Broncos 2023-2024 Marvin Mims
13%
OLB Ravens, Patriots 2019-2022 Matthew Judon
13%
RS Chiefs 2019 Mecole Hardman
13%
P Seahawks 2018 Michael Dickson
13%
FB Panthers 2013, 2015-2016 Mike Tolbert
13%
ST Steelers 2023-2024 Miles Killebrew
13%
C Bills 2022 Mitch Morse
13%
ST Seahawks 2020, 2023 Nick Bellore
13%
DT Ravens 2023-2024 Nnamdi Madubuike
13%
RS Saints 2023 Rashid Shaheed
13%
OG Dolphins, Bills 2012, 2015-2017 Richie Incognito
13%
OG Titans, Bills 2021-2022 Rodger Saffold
13%
C Raiders 2016-2017, 2019 Rodney Hudson
13%
C Buccaneers 2021 Ryan Jensen
13%
C Colts 2019-2021, 2023 Ryan Kelly
13%
RS Bears 2018 Tarik Cohen
13%
OT Lions 2024 Taylor Decker
13%
OG Packers, Lions 2016-2017 T.J. Lang
13%
P Chiefs 2022 Tommy Townsend
13%
ILB Bills 2019-2020 Tremaine Edmunds
13%
C Cowboys 2022 Tyler Biadasz
13%
K Saints 2019 Wil Lutz
13%
OG Browns 2021-2023 Wyatt Teller
13%
CB Vikings 2016-2017, 2019 Xavier Rhodes
13%
ILB Colts 2024 Zaire Franklin
13%
ST Titans 2017 Brenden Trawick
0%
P Titans 2017-2019 Brett Kern
0%
ST Rams 2018 Cory Littleton
0%
LS Lions 2012, 2018 Don Muhlbach
0%
OG Steelers 2024 Isaac Seumalo
0%
LS Rams 2016-2017 Jake McQuaide
0%
ST Lions 2023 Jalen Reeves-Maybin
0%
FB Patriots 2017 James Develin
0%
C Ravens 2016 Jeremy Zuttah
0%
ILB Browns 2017 Joe Schobert
0%
ST Jets 2022 Justin Hardee
0%
OG Raiders 2016-2017 Kelechi Osemele
0%
OG Saints 2017-2019 Larry Warford
0%
LS Eagles 2019 Rick Lovato
0%
LS Jaguars 2023-2024 Ross Matiscik
0%
OT Titans 2016-2018 Taylor Lewan
0%
No matching quizzes found
Score Distribution
Percent of People with Each Score
Percentile by Number Answered
Your Score History
You have not taken this quiz